000 00592nab a2200181 4500
999 _c372260
_d372260
001 90031
003 OSt
005 20230303084304.0
007 tu
008 110905s2000|||||||
040 _aDE-2950
_cDE-2950
245 0 0 _aSchüler aus Frankfurt räumen in Neuenhagen ab.
_bWissenschaft. Regionalwettbewerb Brandenburg Ost von "Jugend forscht" und "Schüler experimentieren".
264 _c2023
653 _aBrandenburg Ost
653 _aRegionalwettbewerb "Jugend forscht"
773 0 _g34. Jahrgang (2023) Nr. 53, 03.03.2023, Seite 16: mit Foto
_tMärkische Oderzeitung
942 _2z
_cA